[Event "16th Capablanca Memorial group A"]
[Site "Cienfuegos CUB"]
[Date "1980.06.04"]
[Round "12"]
[White "Razuvaev, Yury"]
[Black "Vera Gonzalez, Reynaldo"]
[Result "1/2-1/2"]
[WhiteElo "2515"]
[BlackElo "2400"]
[EventDate "1980.05.20"]
[PlyCount "74"]

1.d4 d5 2.Nf3 e6 3.c4 c6 4.Qc2 Nf6 5.g3 Be7 6.Bg2 O-O 7.O-O dxc4 8.a4 b6 
9.Rd1 Na6 10.Qxc4 Nb4 11.Nc3 Ba6 12.Qb3 Rc8 13.Bg5 Qe8 14.Ne5 c5 15.dxc5 
bxc5 16.Bxf6 gxf6 17.Nd7 c4 18.Qxb4 Bxb4 19.Nxf6+ Kg7 20.Nxe8+ Rfxe8 21.
Nb5 Bxb5 22.axb5 Bc5 23.Ra4 Bb6 24.e3 Red8 25.Rxd8 Rxd8 26.Rxc4 Rd1+ 27.
Bf1 Rd2 28.b4 h6 29.Re4 Kf6 30.Kg2 Ke7 31.g4 Kf6 32.h4 Kg7 33.Kf3 Bd8 34.
Kg3 Rd1 35.Be2 Rg1+ 36.Kh3 Rh1+ 37.Kg2 Re1 1/2-1/2

[Event "16th Capablanca Memorial group A"]
[Site "Cienfuegos CUB"]
[Date "1980.06.04"]
[Round "12"]
[White "Rivas Pastor, Manuel"]
[Black "Pfleger, Helmut"]
[Result "1/2-1/2"]
[WhiteElo "2375"]
[BlackElo "2525"]
[EventDate "1980.05.20"]
[PlyCount "64"]

1.d4 d6 2.e4 Nf6 3.Nc3 g6 4.g3 Bg7 5.Bg2 O-O 6.Nge2 Nbd7 7.O-O e5 8.h3 c6 
9.a4 exd4 10.Nxd4 a5 11.b3 Nc5 12.Re1 Re8 13.Bb2 Qc7 14.Qd2 Bd7 15.Kh2 
Rad8 16.Re2 h5 17.Qf4 Nh7 18.Nf3 f5 19.exf5 Bxf5 20.Rae1 Rxe2 21.Rxe2 Rf8 
22.Qc4+ Qf7 23.Qxf7+ Kxf7 24.Nd1 Bxb2 25.Nxb2 d5 26.Nd4 Nf6 27.f3 Bc8 28.
h4 Re8 29.Rxe8 Nxe8 30.Kg1 Nd6 31.Kf2 Kf6 32.Bf1 Ke5 1/2-1/2

[Event "16th Capablanca Memorial group A"]
[Site "Cienfuegos CUB"]
[Date "1980.06.06"]
[Round "13"]
[White "Garcia Gonzales, Guillermo"]
[Black "Rivas Pastor, Manuel"]
[Result "1-0"]
[WhiteElo "2505"]
[BlackElo "2375"]
[EventDate "1980.05.20"]
[PlyCount "135"]

1.d4 Nf6 2.c4 g6 3.Nc3 Bg7 4.e4 d6 5.f3 O-O 6.Be3 e5 7.Nge2 c6 8.d5 cxd5 
9.cxd5 a6 10.Nc1 Nh5 11.Bd3 Nd7 12.N1e2 f5 13.exf5 gxf5 14.Qd2 b5 15.O-O-O
Nc5 16.Bc2 b4 17.Na4 Nxa4 18.Bxa4 Bd7 19.Bxd7 Qxd7 20.Kb1 Nf6 21.Qxb4 f4 
22.Bc1 Rab8 23.Qa3 Rfc8 24.Nc3 e4 25.Nxe4 Nxe4 26.fxe4 Qe7 27.Rhe1 Rc3 28.
Qxa6 Rxc1+ 29.Kxc1 Bxb2+ 30.Kd2 Qg7 31.Rb1 Kh8 32.Qc4 Qxg2+ 33.Re2 Qg4 34.
Qc2 f3 35.Rxb2 Rc8 36.Qxc8+ Qxc8 37.Rf2 Qc5 38.Kd3 Qa3+ 39.Rb3 Qc1 40.Rxf3
Qd1+ 41.Ke3 Qe1+ 42.Kf4 Qh4+ 43.Kf5 Qe7 44.Rf4 h6 45.Kg4 Qg5+ 46.Kf3 Qh5+ 
47.Kg3 Qg5+ 48.Rg4 Qd2 49.Rf3 h5 50.Rgf4 Qxa2 51.Rh4 Qe2 52.Rxh5+ Kg7 53.
Rg5+ Kh6 54.Rg4 Qd2 55.Kh3 Qe2 56.Rgf4 Qc2 57.Rg3 Qc8+ 58.Rf5 Qc4 59.Rf8 
Kh7 60.Rf4 Qc8+ 61.Rf5 Kh6 62.Kg4 Qd8 63.Rh3+ Kg6 64.Rhf3 Qc8 65.h4 Kg7 
66.Kh5 Qe8+ 67.Rf7+ Kh8 68.Kh6 1-0

[Event "16th Capablanca Memorial group A"]
[Site "Cienfuegos CUB"]
[Date "1980.06.06"]
[Round "13"]
[White "Garcia Martinez, Silvino"]
[Black "Ochoa de Echaguen Estibalez, Francisco Javier"]
[Result "1-0"]
[WhiteElo "2450"]
[BlackElo "2410"]
[EventDate "1980.05.20"]
[PlyCount "74"]

1.e4 c5 2.Nf3 Nc6 3.d4 cxd4 4.Nxd4 g6 5.c4 Bg7 6.Be3 Nf6 7.Nc3 d6 8.Be2 
O-O 9.O-O Bd7 10.Rc1 Nxd4 11.Bxd4 Bc6 12.f3 a5 13.b3 Nd7 14.Be3 Nc5 15.Nb5
Qc8 16.Kh1 f5 17.exf5 Qxf5 18.Nc7 Rad8 19.Nd5 Rfe8 20.Bxc5 Bxd5 21.Bb6 Bc6
22.Bxd8 Rxd8 23.Qd3 Qf4 24.c5 d5 25.g3 Qb4 26.f4 a4 27.Bf3 Bb2 28.f5 Bxc1 
29.Rxc1 axb3 30.axb3 Qa3 31.Qc3 Qa6 32.Qd4 gxf5 33.Re1 Rf8 34.Kg1 Rf7 35.
Ra1 e5 36.Qxe5 Re7 37.Qb8+ Re8 {time} 1-0

[Event "16th Capablanca Memorial group A"]
[Site "Cienfuegos CUB"]
[Date "1980.06.06"]
[Round "13"]
[White "Navarro Segura, Roberto"]
[Black "Bueno Perez, Lazaro Antonio"]
[Result "1-0"]
[WhiteElo "2295"]
[BlackElo "2340"]
[EventDate "1980.05.20"]
[PlyCount "57"]

1.e4 c5 2.Nf3 a6 3.c4 Nc6 4.d4 cxd4 5.Nxd4 Nf6 6.Nc3 e6 7.Nxc6 bxc6 8.e5 
Ng8 9.Bf4 Bb4 10.Bd3 Ne7 11.O-O d5 12.exd6 Bxd6 13.Bxd6 Qxd6 14.Re1 Qc7 
15.Qh5 h6 16.Re3 O-O 17.Rg3 Kh8 18.Re1 f5 19.Ree3 f4 20.Rg6 Nxg6 21.Qxg6 
Kg8 22.Qh7+ Kf7 23.Bg6+ Kf6 24.Ne4+ Ke5 25.Rd3 Bb7 26.f3 Rh8 27.Nf2 h5 28.
Qxh5+ Kf6 29.Ne4+ 1-0

[Event "16th Capablanca Memorial group A"]
[Site "Cienfuegos CUB"]
[Date "1980.06.06"]
[Round "13"]
[White "Pfleger, Helmut"]
[Black "Huertas Soris, Ramon"]
[Result "1/2-1/2"]
[WhiteElo "2525"]
[BlackElo "2295"]
[EventDate "1980.05.20"]
[PlyCount "81"]

1.d4 d5 2.c4 e6 3.Nc3 c6 4.e3 Nf6 5.Nf3 Nbd7 6.Bd3 dxc4 7.Bxc4 b5 8.Bd3 a6
9.O-O c5 10.a4 b4 11.Ne2 Bb7 12.b3 Be7 13.Bb2 O-O 14.Rc1 Rc8 15.Ng3 cxd4 
16.Rxc8 Qxc8 17.Nxd4 Qa8 18.f3 Nc5 19.Bc4 Nd5 20.Qd2 Bg5 21.f4 Be7 22.Rc1 
Rc8 23.Qe2 Nb6 24.Qg4 g6 25.Bf1 Ne4 26.Rxc8+ Qxc8 27.Nxe4 Bxe4 28.Qe2 Nd5 
29.Qd2 Nc3 30.Nf3 Bf6 31.Ne5 Bxe5 32.fxe5 Bd5 33.a5 Qc5 34.Bxa6 Qxa5 35.
Bf1 Qc5 36.h3 h5 37.Kh2 Kg7 38.Qf2 Bxb3 39.Qf6+ Kg8 40.Bd3 Qxe3 41.Bxg6 
1/2-1/2

[Event "16th Capablanca Memorial group A"]
[Site "Cienfuegos CUB"]
[Date "1980.06.06"]
[Round "13"]
[White "Vera Gonzalez, Reynaldo"]
[Black "Lebredo Zarragoitia, Gerardo"]
[Result "1-0"]
[WhiteElo "2400"]
[BlackElo "2355"]
[EventDate "1980.05.20"]
[PlyCount "63"]

1.d4 d5 2.c4 dxc4 3.Nf3 Nf6 4.Qa4+ c6 5.Qxc4 Bg4 6.g3 Nbd7 7.Bg2 e6 8.O-O 
Be7 9.Nc3 O-O 10.Qb3 Qb6 11.Qxb6 Nxb6 12.Ne5 Bf5 13.Bd2 Rfd8 14.Rac1 Bg6 
15.e3 Bd6 16.Nxg6 hxg6 17.Ne2 e5 18.Rc2 a5 19.a3 a4 20.Rb1 exd4 21.Nxd4 
Nbd7 22.Bb4 Bxb4 23.axb4 a3 24.bxa3 Rxa3 25.h3 Rda8 26.Nb3 R8a4 27.Rc4 Nb6
28.Rd4 Nbd5 29.g4 Rxb4 30.Rxb4 Nxb4 31.Nc5 Rc3 32.Na4 1-0